000 00640nam a22001817a 4500
003 UA-OsUOA
001 8275
007 ta
008 20040829b un ||||| |||| 00| 0 ukr d
100 _aБереза Ю.
942 _cSA
040 _aUA-OsUOA
_cUA-OsUOA
_dUA-OsUOA
245 _aУ прихистку щирого слова
_b[Про літ. діяльність журналіста та літератора з с.Білашів Остроз. р-ну В.Кучерука]
300 _aС.4
955 _a0
773 0 _w0
_tВісті Рівненщини
_dРівне
_d2004
_g№77/78/20 серп./
650 7 _aКучерук В.
_2UDC
999 _c294436
_d294436